Riconosci il Pokémon - Quiz n°889 - Statistics

Statistiche generali
  • Questo quiz è stato fatto 2 volte
  • Il punteggio medio è 7 su 10
Statistiche sulle risposte
Indizio Risposta % Corretto
Tipo Elettro
100%
Abilità Levitazione
100%
Generazione Quinta
100%
Altezza 2,1 m
50%
Tasso di cattura 30 (8.8%)
50%
Sesso 50% ♂, 50% ♀
50%
Peso 80,5 kg
50%
Pokémon Eelektross
50%
Tasso di allevamento Lento
50%
Stadio evoluzione Seconda evoluzione
50%
Nessun quiz corrispondente trovato
Distribuzione punteggi
Percentuale di utenti per punteggio
Percentile per numero di risposta
I tuoi punteggi nel tempo
Non hai fatto questo quiz